<?xml version="1.0" encoding="UTF-8"?><?xml-stylesheet type="text/xsl" href="static/style.xsl"?><OAI-PMH xmlns="http://www.openarchives.org/OAI/2.0/" xmlns:xsi="http://www.w3.org/2001/XMLSchema-instance" xsi:schemaLocation="http://www.openarchives.org/OAI/2.0/ http://www.openarchives.org/OAI/2.0/OAI-PMH.xsd"><responseDate>2026-06-07T19:59:31Z</responseDate><request verb="GetRecord" identifier="oai:docta.ucm.es:20.500.14352/113298" metadataPrefix="marc">https://docta.ucm.es/rest/oai/request</request><GetRecord><record><header><identifier>oai:docta.ucm.es:20.500.14352/113298</identifier><datestamp>2025-03-18T13:27:06Z</datestamp><setSpec>com_20.500.14352_14</setSpec><setSpec>col_20.500.14352_20</setSpec></header><metadata><record xmlns="http://www.loc.gov/MARC21/slim" xmlns:dcterms="http://purl.org/dc/terms/" xmlns:xsi="http://www.w3.org/2001/XMLSchema-instance" xmlns:doc="http://www.lyncode.com/xoai" xsi:schemaLocation="http://www.loc.gov/MARC21/slim http://www.loc.gov/standards/marcxml/schema/MARC21slim.xsd">
   <leader>00925njm 22002777a 4500</leader>
   <datafield ind2=" " ind1=" " tag="042">
      <subfield code="a">dc</subfield>
   </datafield>
   <datafield ind2=" " ind1=" " tag="720">
      <subfield code="a">Hernández Martínez, David</subfield>
      <subfield code="e">author</subfield>
   </datafield>
   <datafield ind2=" " ind1=" " tag="260">
      <subfield code="c">2018</subfield>
   </datafield>
   <datafield ind2=" " ind1=" " tag="520">
      <subfield code="a">La región del Magreb distingue la extensa franja del norte de África que va desde Libia hasta la costa marroquí, pasando por Túnez y Argelia e incluyendo a Mauritania. En ocasiones, erróneamente, estos cinco países suelen ser incluidos en las denominaciones políticas de Oriente Medio/Oriente Próximo o mundo árabe. Sin embargo, para su completo análisis y para entender mejor su complejidad es oportuno situarlos en un nivel de observación propio. Asimismo, como veremos más adelante, cada uno posee unas singularidades que hacen que sean necesarias descripciones más exhaustivas y pormenorizadas país por país.</subfield>
   </datafield>
   <datafield ind1="8" ind2=" " tag="024">
      <subfield code="a">Hernández Martínez, D. (2018): “España y los retos de seguridad en el Magreb”, Caracuel, M.A. et at. (coord.): Compartiendo (visiones de) seguridad. IV Congreso ADESyD. Actas. Edita Asociación de Diplomados Españoles en Seguridad y Defensa. Vol. IV. pp.86-106.</subfield>
   </datafield>
   <datafield ind1="8" ind2=" " tag="024">
      <subfield code="a">978-84-09-02287-8</subfield>
   </datafield>
   <datafield ind1="8" ind2=" " tag="024">
      <subfield code="a">https://hdl.handle.net/20.500.14352/113298</subfield>
   </datafield>
   <datafield ind1="8" ind2=" " tag="024">
      <subfield code="a">https://dialnet.unirioja.es/servlet/libro?codigo=713744</subfield>
   </datafield>
   <datafield ind2="0" ind1="0" tag="245">
      <subfield code="a">España y los retos de seguridad en el Magreb</subfield>
   </datafield>
</record></metadata></record></GetRecord></OAI-PMH>